[Event "Paris Immopar rapid"]
[Site "Paris"]
[Date "1992.??.??"]
[Round "1"]
[White "Salov, Valery"]
[Black "Jussupow, Artur"]
[Result "0-1"]
[WhiteElo "2655"]
[BlackElo "2640"]

1.d4 d5 2.c4 c6 3.cxd5 cxd5 4.Nc3 Nf6 5.Bf4 Nc6 6.e3 Bf5 7.Nf3 e6 8.Qb3 Bb4
9.Bb5 Bxc3+ 10.Qxc3 O-O 11.O-O Rc8 12.Rfc1 Qb6 13.Qc5 Nxd4 14.Qxb6 Nxf3+
15.gxf3 axb6 16.Bc7 Ne8 17.Bxb6 Nd6 18.Be2 Nc4 19.Bd4 Rfd8 20.Bxc4 dxc4 21.Kg2 f6
22.a4 e5 23.Bc3 e4 24.fxe4 Bxe4+ 25.f3 Bg6 26.a5 Rc5 27.h4 Bd3 28.e4 Kf7
29.Kf2 Rh5 30.Rh1 Rd6 31.Ke3 Bc2 32.Rac1 Rd3+ 33.Kf4 Ba4 34.Kg4 g6 35.Kg3 f5
36.Kf2 fxe4 37.fxe4 Bc6 38.Rce1 Ke6 39.Re3 Rxe3 40.Kxe3 g5 41.Be1 g4 42.Kf4 Re5
43.Rg1 h5 44.Bc3 Rxe4+ 45.Kg5 Be8 46.Re1 Rxe1 47.Bxe1 Ke5 48.Bf2 Ke4 49.Bb6 Kf3
50.Bc5 g3 51.Kf5 g2 52.Ke6 Ke2 53.Kd6 Kf1 54.Kc7 g1=Q 55.Bxg1 Kxg1 56.Kxb7 Kg2
57.a6 Kg3 58.a7 Bg6 59.Kb6 Be4 60.Kc5 Kxh4 61.Kxc4 Kg3 62.Kd4 Bf3 63.Kc5 h4
64.b4 h3 65.b5 h2 66.b6 h1=Q  0-1

[Event "Reggio Emilia9192"]
[Site "Reggio Emilia"]
[Date "1992.??.??"]
[Round "2"]
[White "Salov, Valery"]
[Black "Karpov, Anatoly"]
[Result "1/2-1/2"]
[WhiteElo "2665"]
[BlackElo "2730"]

1.e4 e5 2.Nf3 Nc6 3.d4 exd4 4.Nxd4 Bc5 5.Be3 Qf6 6.c3 Nge7 7.g3 d5 8.Bg2 Nxd4
9.cxd4 Bb4+ 10.Nc3 Bxc3+ 11.bxc3 dxe4 12.Bxe4 c6 13.O-O O-O 14.a4 Bf5 15.Bg2 Rad8
16.Qb3 Rd7 17.c4 Rfd8 18.h3 h5 19.Rfe1 Qg6 20.a5 Be6 21.Rad1 b5 22.axb6 axb6
23.Qb4 b5 24.cxb5 Nd5 25.Qc5 cxb5 26.Qxb5 Nc3 27.Qd3 Nxd1 28.Qxg6 fxg6 29.Rxd1 Bd5
30.Bxd5+ Rxd5 31.h4 Kf7  1/2-1/2

[Event "Reggio Emilia9192"]
[Site "Reggio Emilia"]
[Date "1992.??.??"]
[Round "3"]
[White "Ivanchuk, Vassily"]
[Black "Salov, Valery"]
[Result "1/2-1/2"]
[WhiteElo "2735"]
[BlackElo "2665"]

1.d4 Nf6 2.c4 e6 3.g3 d5 4.Bg2 Bb4+ 5.Nd2 O-O 6.Nf3 b6 7.O-O Bb7 8.Ne5 Re8
9.Ndf3 Bf8 10.Ng5 Re7 11.b3 h6 12.Ngf3 c5 13.Bb2 Na6 14.Rc1 Rc8 15.e3 Rec7
16.Qe2 dxc4 17.Rxc4 Nb4 18.a3 Nc6 19.Nxc6 Bxc6 20.Rcc1 cxd4 21.Nxd4 Bxg2
22.Rxc7 Rxc7 23.Kxg2 Qd5+ 24.f3 Bc5 25.e4 Qd8 26.Rd1 Rd7 27.Nc6 Qc7 28.Nd4 Qd8
29.Nc6 Qc7 30.Nd4  1/2-1/2

[Event "Reggio Emilia9192"]
[Site "Reggio Emilia"]
[Date "1992.??.??"]
[Round "4"]
[White "Salov, Valery"]
[Black "Gelfand, Boris"]
[Result "1/2-1/2"]
[WhiteElo "2665"]
[BlackElo "2665"]

1.d4 Nf6 2.Nf3 g6 3.Bg5 Bg7 4.Nbd2 O-O 5.c3 d5 6.e3 Nbd7 7.Be2 Re8 8.O-O e5
9.b4 c6 10.Bh4 a5 11.a3 e4 12.Ne1 h6 13.Nc2 Nf8 14.c4 g5 15.Bg3 Ng6 16.bxa5 Rxa5
17.Nb4 Ra8 18.cxd5 Nxd5 19.Nxd5 cxd5 20.Qc2 Re6 21.Rfc1 Rc6 22.Qb3 f5 23.Bh5 Nf8
24.h3 Ne6 25.Qd1 f4 26.Bh2 Qd6 27.a4 Rxc1  1/2-1/2

[Event "Reggio Emilia9192"]
[Site "Reggio Emilia"]
[Date "1992.??.??"]
[Round "5"]
[White "Beliavsky, Alexander G"]
[Black "Salov, Valery"]
[Result "1-0"]
[WhiteElo "2655"]
[BlackElo "2665"]

1.Nf3 Nf6 2.c4 e6 3.Nc3 b6 4.g3 c5 5.Bg2 Bb7 6.O-O Nc6 7.e4 d6 8.d4 cxd4
9.Nxd4 Rc8 10.Nxc6 Bxc6 11.Bf4 Be7 12.Qe2 O-O 13.Rfd1 Qc7 14.Rac1 Qb8 15.Nd5 exd5
16.exd5 Ba4 17.b3 Rce8 18.bxa4 Nd7 19.Qd2 Qc7 20.Qb4 Nc5 21.Qb5 Qd8 22.Qc6 g5
23.Be3 Bf6 24.a5 Rxe3 25.fxe3 bxa5 26.Qb5 g4 27.Kh1 Bg5 28.Rf1 Bxe3 29.Rce1 Bg5
30.Qb1 Qd7 31.Be4 f6 32.Bf5 Qg7 33.Bxg4 Bd2 34.Be6+ Kh8 35.Re2 Bc3 36.Rf4 Be5
37.Rh4 Nxe6 38.dxe6 Re8 39.Qf5 Qg8 40.Kg2 Re7 41.Rxe5 fxe5 42.Rg4 Rg7 43.Qf6 h5
44.Rg6 Qa8+ 45.Kh3 Qb7 46.Rh6+  1-0

[Event "Reggio Emilia9192"]
[Site "Reggio Emilia"]
[Date "1992.??.??"]
[Round "6"]
[White "Polugaevsky, Lev"]
[Black "Salov, Valery"]
[Result "1-0"]
[WhiteElo "2630"]
[BlackElo "2665"]

1.d4 Nf6 2.c4 e6 3.Nf3 Bb4+ 4.Bd2 c5 5.Bxb4 cxb4 6.g3 b6 7.Bg2 Bb7 8.O-O O-O
9.Nbd2 d6 10.Qb3 a5 11.Rfd1 Na6 12.Nf1 Qe7 13.Ne3 Rfc8 14.Ne1 Bxg2 15.N1xg2 g6
16.Nf4 Kg7 17.a3 Rab8 18.Nd3 bxa3 19.bxa3 Nc7 20.a4 d5 21.Rac1 dxc4 22.Rxc4 Ncd5
23.Nxd5 Nxd5 24.e4 Rxc4 25.Qxc4 Nf6 26.f3 Rd8 27.Ne5 Qa3 28.Kg2 Nd7 29.Nd3 Nf6
30.Rb1 g5 31.g4 h5 32.h3 Rc8 33.Qxc8 Qxd3 34.Qc1 Qe2+ 35.Kg1 Qxf3 36.Qxg5+ Kh7
37.gxh5 Nxe4 38.Qg2 Qe3+ 39.Kh1 Ng3+ 40.Kh2 Nxh5 41.Rf1 Qxd4 42.Rxf7+ Kh6
43.Qg4 Qd6+ 44.Kg1 Qc5+ 45.Rf2 Ng7 46.Qe4 e5 47.Qh4+ Nh5 48.Kh2 Qd6 49.Qe4 Kg5
50.Rc2 Nf4 51.Qf3 Qd7 52.Rb2 Qd4 53.Qg4+ Kf6 54.Qh4+ Kg6 55.Qf2 Qxa4 56.Qxb6+ Kf5
57.Qb7 Qd4 58.Qf7+ Ke4 59.Qh7+ Ke3 60.Qc2 a4 61.Ra2 Qd7 62.Ra3+ Nd3 63.Qc1+ Ke2
64.Qg5 Qd5 65.Qg2+ Qxg2+ 66.Kxg2 e4 67.Rxa4 Ne1+ 68.Kg3 e3 69.h4 Kd2 70.Ra2+ Kd3
71.h5 Nc2 72.Ra8 e2 73.Rd8+ Ke4 74.Re8+ Kf5 75.Rxe2 Nd4 76.Rd2  1-0

[Event "FRA"]
[Site "FRA"]
[Date "1993.??.??"]
[Round "?"]
[White "Salov, Valery"]
[Black "Rotstein, Arkadij"]
[Result "1-0"]
[WhiteElo "2685"]
[BlackElo "2470"]

1.Nf3 Nf6 2.c4 e6 3.g3 d5 4.Bg2 Be7 5.O-O O-O 6.d4 dxc4 7.Qc2 a6 8.Qxc4 b5
9.Qc2 Bb7 10.Bd2 Nc6 11.e3 Ra7 12.Rc1 Qa8 13.Ne1 Nb8 14.Bxb7 Qxb7 15.Ba5 c5
16.dxc5 Rc8 17.Nd3 Nc6 18.Bb6 Raa8 19.a4 bxa4 20.Rxa4 Nd7 21.Nc3 Nxb6 22.cxb6 Qxb6
23.Rc4 Na7 24.Na4 Qb5 25.Nac5 h6 26.h4 Rab8 27.Ne4 Rxc4 28.Qxc4 Rc8 29.Qxb5 Rxc1+
30.Nxc1 Nxb5 31.Nd3 Kf8 32.Kf1 Ke8 33.Ke2 Nc7 34.h5 Kd7 35.Ne5+ Ke8 36.Kd3 f5
37.Nd2 Nd5 38.f3 Nf6 39.g4 fxg4 40.fxg4 Bd6 41.Ndc4 Bc5 42.Ke2 Nd7 43.Nc6 Nb6
44.N4e5 Nd5 45.e4 Nf6 46.Kf3 Nh7 47.Nc4 Ng5+ 48.Kf4 Bg1 49.b3 Bh2+ 50.Ke3 Bg1+
51.Kd3 Nh3 52.e5 Bc5 53.b4 Bf8 54.Kd4 Nf2 55.Ke3 Nd1+ 56.Kd4 Nf2 57.Ne3 Be7
58.Nxe7 Kxe7 59.Ng2 Nxg4 60.Nf4 Kd7 61.Nd3 Kc6 62.Nc5 Kb5 63.Nxe6 Kxb4 64.Nc7 Ka5
65.e6 Nf6 66.e7 Ka4 67.Nxa6 Ne8 68.Kc5 g6 69.hxg6 h5 70.Kc6 h4 71.Nc5+ Kb4
72.Ne4 h3 73.Nf2 h2 74.Kd7 Nf6+ 75.Ke6 Ne8 76.Kf7 Nd6+ 77.Kf8  1-0

[Event "Madrid"]
[Site "Madrid"]
[Date "1993.??.??"]
[Round "1"]
[White "Topalov, Veselin"]
[Black "Salov, Valery"]
[Result "1/2-1/2"]
[WhiteElo "2635"]
[BlackElo "2660"]

1.e4 c5 2.Nf3 Nc6 3.d4 cxd4 4.Nxd4 Nf6 5.Nc3 d6 6.Bg5 e6 7.Qd2 a6 8.O-O-O h6
9.Bf4 Bd7 10.Nxc6 Bxc6 11.f3 d5 12.Qe1 Bb4 13.a3 Ba5 14.Bd2 Qe7 15.e5 Nd7
16.Kb1 Bb6 17.f4 h5 18.Ne2 g6 19.g3 Qc5 20.Bc3 Qf2 21.Qxf2 Bxf2 22.Bd4 Bxd4
23.Nxd4 Rc8 24.b3 Nc5 25.Bg2 b5 26.h3 Ke7 27.g4 hxg4 28.hxg4 Bb7 29.Kb2 Nd7
30.g5 Nc5 31.Rxh8 Rxh8 32.Rh1 Rxh1 33.Bxh1 Kd7 34.Bf3 Kc7 35.Kc3 Kb6 36.b4 Na4+
37.Kd2 Bc6 38.c3 Kc7 39.Bd1 Nb6 40.Bb3 Bd7 41.Ke3 Nc8 42.Bc2 Ne7 43.Nb3 Kb6
44.Bd3 Be8 45.Nd4 Nc6 46.Nc2 a5 47.Be2 Bd7 48.Kd3 axb4 49.axb4 Bc8 50.Bf3 Bb7
51.Ne3 Kc7 52.Ng4 Kd7 53.Kd2 Ba6 54.Be2 Kd8 55.Nf2 Kc7 56.Bf1 Ne7 57.Ng4 Kd8
58.Ne3 Nc6 59.Nc2 Kc7 60.Bd3 Kb6  1/2-1/2

[Event "Madrid"]
[Site "Madrid"]
[Date "1993.??.??"]
[Round "5"]
[White "Salov, Valery"]
[Black "Anand, Viswanathan"]
[Result "1/2-1/2"]
[WhiteElo "2660"]
[BlackElo "2710"]

1.Nf3 d5 2.b3 Bg4 3.Bb2 Nd7 4.e3 Ngf6 5.h3 Bh5 6.Be2 e6 7.d3 h6 8.Nbd2 Bg6
9.Ne5 Nxe5 10.Bxe5 Bd6 11.Nf3 O-O 12.O-O Qe7 13.c4 a5 14.Qc2 Nd7 15.Bxd6 Qxd6
16.a3 Ne5 17.Nxe5 Qxe5 18.cxd5 Qxd5 19.b4 c6 20.Qc5 Rfd8 21.Qxd5 cxd5 22.Rfc1  1/2-1/2

[Event "Madrid"]
[Site "Madrid"]
[Date "1993.??.??"]
[Round "9"]
[White "Salov, Valery"]
[Black "Illescas Cordoba, Miguel"]
[Result "1-0"]
[WhiteElo "2660"]
[BlackElo "2615"]

1.d4 d5 2.c4 c6 3.Nf3 Nf6 4.Nc3 e6 5.Bg5 dxc4 6.e4 b5 7.e5 h6 8.Bh4 g5 9.Nxg5 hxg5
10.Bxg5 Nbd7 11.exf6 Bb7 12.g3 Qb6 13.Bg2 O-O-O 14.O-O c5 15.d5 b4 16.Na4 Qb5
17.a3 Nb8 18.axb4 cxb4 19.Qd4 Nc6 20.dxc6 Rxd4 21.cxb7+ Kc7 22.Be3 e5 23.Nc3 bxc3
24.bxc3 Rd6 25.Rab1 a6 26.Rxb5 axb5 27.Ra1 Rd8 28.Be4 Bh6 29.Bc5 Bf8 30.Ba7 Bh6
31.Ra6 Rb8 32.Rb6  1-0

[Event "Oviedo rapid"]
[Site "Oviedo"]
[Date "1993.??.??"]
[Round "6"]
[White "Garcia Palermo, Carlos"]
[Black "Salov, Valery"]
[Result "0-1"]
[WhiteElo "2455"]
[BlackElo "2685"]

1.c4 e5 2.b3 Nc6 3.Bb2 g6 4.g3 Bg7 5.Bg2 d6 6.d3 f5 7.Na3 Nf6 8.Nc2 Be6 9.Nh3 Qe7
10.b4 e4 11.O-O O-O 12.f3 Rae8 13.fxe4 fxe4 14.Nf2 exd3 15.exd3 Nd7 16.Bxg7 Qxg7
17.b5 Nd4 18.Bxb7 Nc5 19.Nxd4 Qxd4 20.Bc6 Rxf2 21.Rxf2 Rf8  0-1

[Event "Oviedo rapid"]
[Site "Oviedo"]
[Date "1993.??.??"]
[Round "7"]
[White "Salov, Valery"]
[Black "Markowski, Tomasz"]
[Result "1/2-1/2"]
[WhiteElo "2685"]
[BlackElo "2465"]

1.Nf3 Nf6 2.c4 g6 3.g3 Bg7 4.Bg2 O-O 5.O-O d6 6.Nc3 Nc6 7.Rb1 a5 8.d3 h6
9.a3 e5 10.b4 axb4 11.axb4 Be6 12.b5 Ne7 13.Nd2 c6 14.Qb3 d5 15.Ba3 e4 16.cxd5 cxd5
17.Qb4 Re8 18.dxe4 dxe4 19.Ndxe4 Nfd5 20.Nxd5 Nxd5 21.Qd6 Qa5 22.Bb2 Red8  1/2-1/2

[Event "Oviedo rapid"]
[Site "Oviedo"]
[Date "1993.??.??"]
[Round "8"]
[White "Kumaran, Dharshan"]
[Black "Salov, Valery"]
[Result "1-0"]
[WhiteElo "2425"]
[BlackElo "2685"]

1.d4 Nf6 2.c4 e6 3.Nc3 Bb4 4.Qc2 O-O 5.a3 Bxc3+ 6.Qxc3 d6 7.Nf3 Nbd7 8.g3 b6
9.Bg2 Bb7 10.O-O Qe7 11.b4 c5 12.Bb2 Rfe8 13.Qb3 Be4 14.Rac1 a5 15.Rfd1 cxb4
16.axb4 a4 17.Qe3 d5 18.c5 b5 19.Bf1 Nb8 20.Ne5 Nfd7 21.Nxd7 Qxd7 22.f3 Bg6
23.Qc3 Nc6 24.Qa3 Rab8 25.Bg2 Red8 26.e4 Rbc8 27.Rd2 Qe7 28.Re1 h5 29.h4 Rd7  1-0

[Event "Oviedo rapid"]
[Site "Oviedo"]
[Date "1993.??.??"]
[Round "9"]
[White "Salov, Valery"]
[Black "Danailov, Silvio"]
[Result "1-0"]
[WhiteElo "2685"]
[BlackElo "2440"]

1.d4 f5 2.c4 Nf6 3.g3 g6 4.Bg2 Bg7 5.Nf3 O-O 6.O-O d6 7.Nc3 Qe8 8.d5 Na6
9.Rb1 Bd7 10.b4 c6 11.dxc6 bxc6 12.a3 Kh8 13.Bb2 Qf7 14.Qd3 Nc7 15.c5 dxc5
16.Ne5 Qe8 17.bxc5 Rd8 18.Rfd1 Nfd5 19.Nxd5 cxd5 20.c6 Be6 21.Qd4 Ra8 22.Ba1 a6
23.a4 Bf6 24.Rb7 Rc8 25.f4 Qd8 26.Qc5 Rg8 27.Bc3 g5 28.e3 Qe8 29.Qa5  1-0

[Event "Oviedo rapid"]
[Site "Oviedo"]
[Date "1993.??.??"]
[Round "10"]
[White "Bass, Leonid"]
[Black "Salov, Valery"]
[Result "0-1"]
[WhiteElo "2500"]
[BlackElo "2685"]

1.d4 Nf6 2.c4 e6 3.Nf3 Bb4+ 4.Bd2 Qe7 5.g3 Nc6 6.Bg2 Bxd2+ 7.Nbxd2 d6 8.O-O e5
9.d5 Nb8 10.e4 a5 11.Ne1 O-O 12.Nd3 Na6 13.b3 Nb4 14.Nb2 Bg4 15.f3 Bd7 16.a3 Na6
17.Nd3 c6 18.dxc6 bxc6 19.f4 Bg4 20.Qe1 Qa7+ 21.Rf2 Qd4 22.Bf1 exf4 23.gxf4 Rae8  0-1

[Event "Oviedo rapid"]
[Site "Oviedo"]
[Date "1993.??.??"]
[Round "12"]
[White "Illescas Cordoba, Miguel"]
[Black "Salov, Valery"]
[Result "0-1"]
[WhiteElo "2625"]
[BlackElo "2685"]

1.e4 c5 2.Nf3 d6 3.d4 cxd4 4.Nxd4 Nf6 5.Nc3 Nc6 6.Bg5 e6 7.Qd2 a6 8.O-O-O h6
9.Be3 Be7 10.f4 Bd7 11.Bd3 b5 12.Kb1 O-O 13.h3 Nxd4 14.Bxd4 Bc6 15.e5 dxe5
16.fxe5 Nd7 17.Qe3 Qb8 18.Ne2 Bd8 19.Ng3 Bg5 20.Qf2 Bh4 21.Qe1 Qd8 22.Qe3 Qg5
23.Qxg5 Bxg5 24.Be4 Rac8 25.Rhf1 Rfd8 26.Bxc6 Rxc6 27.Ne4 Be7 28.c3 Nf8 29.Rd3 Ng6
30.Rdf3 Rf8 31.g3 Rc7 32.R3f2 Rd7 33.Nc5 Bxc5 34.Bxc5 Rc8 35.Bd4 Kf8 36.h4 h5
37.g4 hxg4 38.h5 Nh4 39.Rf4 Nf3 40.Rf2  0-1

[Event "Buenos Aires Sicilian"]
[Site "Buenos Aires"]
[Date "1994.??.??"]
[Round "1"]
[White "Ivanchuk, Vassily"]
[Black "Salov, Valery"]
[Result "1/2-1/2"]
[WhiteElo "2695"]
[BlackElo "2710"]

1.e4 c5 2.Nf3 Nc6 3.d4 cxd4 4.Nxd4 Nf6 5.Nc3 d6 6.Bg5 e6 7.Qd2 a6 8.O-O-O h6
9.Be3 Be7 10.f3 Nxd4 11.Qxd4 e5 12.Qd2 Be6 13.g4 Qa5 14.Qf2 Nd7 15.Kb1 Rc8
16.Nd5 Bg5 17.h4 Bxe3 18.Qxe3 Qc5 19.Qd2 Bxd5 20.exd5 Rc7 21.Rh2 Kd8 22.a4 Kc8
23.a5 Kb8 24.c4 Rhc8 25.b4 Qd4 26.Rc1 b5 27.Qxd4 exd4 28.Rhc2 bxc4 29.Rxc4 Rxc4
30.Rxc4 Rxc4 31.Bxc4 Ka7 32.f4 Nf6 33.g5 Nh5 34.gxh6 gxh6 35.f5 Nf6 36.Kc2 Nd7
37.Kd3 Ne5+ 38.Kxd4 f6 39.Be2 Kb7 40.Kc3 Ka7 41.b5 axb5 42.Kb4 Ka6 43.Bxb5+ Kb7
44.h5 Nf3 45.Be2 Nd4 46.Bd3 Kc7 47.Kc3 Nf3 48.Bf1 Ne5 49.Kb4 Nf3 50.Be2 Nd4
51.Bd3 Nf3 52.Be4 Nd4 53.Kc4 Ne2 54.Bf3 Ng3 55.Bg4 Ne4 56.Kb5  1/2-1/2

[Event "Buenos Aires Sicilian"]
[Site "Buenos Aires"]
[Date "1994.??.??"]
[Round "4"]
[White "Salov, Valery"]
[Black "Shirov, Alexei"]
[Result "1/2-1/2"]
[WhiteElo "2710"]
[BlackElo "2740"]

1.e4 c5 2.Nf3 Nc6 3.d4 cxd4 4.Nxd4 Nf6 5.Nc3 d6 6.g3 e6 7.Bg2 Bd7 8.O-O Be7
9.Nce2 O-O 10.c4 Rc8 11.b3 d5 12.cxd5 exd5 13.Nxc6 bxc6 14.exd5 cxd5 15.Nd4 Ne4
16.Bb2 Bf6 17.Qd3 Qa5 18.Rfd1 Rfe8 19.Bf1 h5 20.Qa6 Qc7 21.Qd3 h4 22.Rac1 Qb6
23.Rxc8 Rxc8 24.Ba1 Qa5 25.Qa6 Qc5 26.Qd3 a5 27.f3 Nc3 28.Bxc3 Qxc3 29.Qxc3 Rxc3
30.Kf2 a4 31.bxa4 Bxa4 32.Rd2 Be7 33.Bb5 Bxb5 34.Nxb5 Rc4 35.f4 hxg3+ 36.hxg3 g5
37.fxg5 Rc5 38.a4 Bxg5 39.Rd3 Kg7 40.Nc3 d4 41.Nb5 Be3+ 42.Kf3 Rf5+ 43.Ke4 Rg5
44.Rb3 Bf2 45.a5 d3 46.Kxd3 Rxg3+ 47.Kc4 Rxb3 48.Kxb3 Kf6 49.Ka4 Ke6  1/2-1/2

[Event "Buenos Aires Sicilian"]
[Site "Buenos Aires"]
[Date "1994.??.??"]
[Round "6"]
[White "Salov, Valery"]
[Black "Ljubojevic, Ljubomir"]
[Result "1-0"]
[WhiteElo "2710"]
[BlackElo "2580"]

1.e4 c5 2.Nf3 d6 3.d4 cxd4 4.Nxd4 Nf6 5.f3 e5 6.Bb5+ Bd7 7.Bxd7+ Qxd7 8.Nf5 d5
9.Bg5 dxe4 10.Bxf6 Qxd1+ 11.Kxd1 gxf6 12.fxe4 Nc6 13.c3 Rg8 14.g3 Rd8+ 15.Nd2 Ne7
16.Kc2 Kd7 17.Rad1 Kc6 18.Nf3 Rxd1 19.Nxe7+ Bxe7 20.Rxd1 Rd8 21.Rxd8 Bxd8
22.Nh4 Be7 23.Nf5 Bf8 24.b4 Kd7 25.Kb3 Kc6 26.Kc4 a6 27.a4 b6 28.g4 b5+ 29.Kb3 Kd7
30.Ne3 Bh6 31.Nd5 Bg5 32.c4 Kc6 33.Nc3 bxc4+ 34.Kxc4 Bh4 35.Nd5 Bg5 36.h3 Bh4
37.Ne7+ Kd7 38.Nf5 Be1 39.b5 axb5+ 40.Kxb5 Bd2 41.Kb6 Be1 42.a5 Bf2+ 43.Kb7 Ke6
44.Kc6  1-0

[Event "Buenos Aires Sicilian"]
[Site "Buenos Aires"]
[Date "1994.??.??"]
[Round "7"]
[White "Anand, Viswanathan"]
[Black "Salov, Valery"]
[Result "1/2-1/2"]
[WhiteElo "2720"]
[BlackElo "2710"]

1.e4 c5 2.Nf3 Nc6 3.d4 cxd4 4.Nxd4 e6 5.g3 d5 6.Bg2 dxe4 7.Nxc6 Qxd1+ 8.Kxd1 bxc6
9.Bxe4 Bb7 10.b3 O-O-O+ 11.Ke2 Be7 12.Bb2 Bf6 13.Nc3 c5 14.Bxb7+ Kxb7 15.Na4 Bxb2
16.Nxb2 Ne7 17.Nd3 Kb6 18.Ne5  1/2-1/2

[Event "Buenos Aires Sicilian"]
[Site "Buenos Aires"]
[Date "1994.??.??"]
[Round "9"]
[White "Karpov, Anatoly"]
[Black "Salov, Valery"]
[Result "0-1"]
[WhiteElo "2780"]
[BlackElo "2710"]

1.e4 c5 2.Nf3 Nc6 3.d4 cxd4 4.Nxd4 Nf6 5.Nc3 d6 6.Bg5 e6 7.Qd2 a6 8.O-O-O h6
9.Bf4 Bd7 10.Nxc6 Bxc6 11.f3 d5 12.Qe1 Bb4 13.a3 Ba5 14.Bd2 Rc8 15.Qg3 d4
16.Be3 Bc7 17.f4 Nh5 18.Qg4 Qf6 19.Rxd4 Bxf4 20.Bxf4 Qxf4+ 21.Qxf4 Nxf4 22.g3 Ng6
23.Kd2 Ne5 24.Be2 Ke7 25.Ke3 g5 26.h4 Rcg8 27.hxg5 Rxg5 28.Rh5 Rxg3+ 29.Kf4 Rg1
30.Nd5+ Bxd5 31.exd5 Ng6+ 32.Ke3 Rg3+ 33.Kf2 Rg5 34.Rb4 b5 35.a4 Rc8 36.axb5 axb5
37.dxe6 Rxh5 38.Bxh5 Rxc2+ 39.Ke3 Rc5 40.Be2 Re5+ 41.Kf2 fxe6 42.Bxb5 Kf6
43.Bd3 h5 44.Re4 Rc5 45.Ke3 Rg5 46.Kf2 Rf5+ 47.Ke3 Rg5 48.Kf2 Rf5+ 49.Ke3 Ne7
50.Rh4 Re5+ 51.Kf2 Rd5 52.Bc4 Rf5+ 53.Kg1 Rg5+ 54.Kf2 Rf5+ 55.Kg1 Ng6 56.Re4 Nf4
57.b4 Rg5+ 58.Kf1 e5 59.Ba6 Rg3 60.Rc4 Rb3 61.b5 h4 62.Rc6+ Kg5 63.b6 Rb1+
64.Kf2 h3 65.Kg3 Rg1+ 66.Kh2 Rg2+ 67.Kh1 Nh5  0-1

[Event "Madrid"]
[Site "Madrid"]
[Date "1994.??.??"]
[Round "2"]
[White "San Segundo, Pablo"]
[Black "Salov, Valery"]
[Result "1/2-1/2"]
[WhiteElo "2470"]
[BlackElo "2685"]

1.d4 Nf6 2.c4 e6 3.Nf3 b6 4.a3 Bb7 5.Nc3 d5 6.Qa4+ Qd7 7.Qb3 dxc4 8.Qxc4 a6
9.Bg5 Be7 10.Rd1 O-O 11.e3 Qc8 12.Be2 Nbd7 13.Ne5 b5 14.Qb3 c5 15.Nxd7 Qxd7
16.O-O Qc7 17.dxc5 Qxc5 18.Bh4 Rfd8 19.Rxd8+ Rxd8 20.Rd1 g5 21.Rxd8+ Bxd8
22.Bg3 Ne4 23.Nxe4 Bxe4 24.Qd1 Bf6 25.Bd6 Qc6 26.f3 Bd5 27.Bg3 Bc4 28.Bxc4 bxc4
29.Be5 Be7 30.Qd4 Qd5 31.Kf1 Bc5 32.Qxd5 exd5 33.Bd4 Bd6 34.h3 f5 35.Ke2 Kf7
36.e4 Ke6 37.exd5+ Kxd5 38.Bc3 h5 39.Kd2 Bc5 40.Ke2 g4 41.hxg4 fxg4 42.fxg4 hxg4
43.Be1 Bd4 44.Bc3 Ke4 45.Kd2 Bb6 46.Ke2 Be3 47.Be1 Bf4 48.Bc3 Kd5 49.Kd1 Kc6
50.Kc2 Bd6 51.Kd2 Bc5 52.Bg7 Kd5 53.Bc3 Bb6 54.Ke2 Kc6 55.Kd2 Kb5 56.Bf6 Ba5+
57.Kc2 Kc6 58.Bc3 Bc7 59.Kd2 Bf4+ 60.Kc2 Kd5 61.Kd1 Be5 62.Ke2 Ke4 63.Kd2 Bd4  1/2-1/2

[Event "Madrid"]
[Site "Madrid"]
[Date "1994.??.??"]
[Round "4"]
[White "Sokolov, Ivan"]
[Black "Salov, Valery"]
[Result "1-0"]
[WhiteElo "2650"]
[BlackElo "2685"]

1.d4 Nf6 2.c4 e6 3.Nc3 Bb4 4.Qc2 O-O 5.a3 Bxc3+ 6.Qxc3 b6 7.Bg5 c5 8.dxc5 bxc5
9.e3 d6 10.Bd3 Nbd7 11.Ne2 h6 12.Bh4 Rb8 13.Bg3 Rb6 14.O-O Nh5 15.b4 Nxg3
16.hxg3 Qf6 17.b5 Qxc3 18.Nxc3 Rd8 19.Rfd1 Kf8 20.Rd2 Ke7 21.Rad1 Rb8 22.Bf1 Nf6
23.a4 a5 24.Be2 e5 25.Bf3 Be6 26.Bd5 Bg4 27.f3 Bf5 28.Kf2 h5 29.Rc1 g6 30.Bc6 Be6
31.Ne4 Nxe4+ 32.Bxe4 Rb6 33.Bd5 Bf5 34.Rcd1 Rbb8 35.Rf1 Rb6 36.Ke1 Rf8 37.Ke2 Rbb8
38.e4 Bc8 39.Ke3 Rb6 40.Rdf2 Bd7 41.g4 hxg4 42.fxg4 Be6 43.g5 Rbb8 44.Rf6 Bxd5
45.cxd5 Rb7 46.Kd3 Rd7 47.Kc4 Rb7 48.R1f3 Rbb8 49.Rh3 Rh8 50.Rxh8 Rxh8 51.b6 Rh1
52.Kb5 c4 53.b7 c3 54.Ka6 Rb1 55.Rf3 c2 56.Rc3  1-0

[Event "Madrid"]
[Site "Madrid"]
[Date "1994.??.??"]
[Round "5"]
[White "Salov, Valery"]
[Black "Illescas Cordoba, Miguel"]
[Result "0-1"]
[WhiteElo "2685"]
[BlackElo "2590"]

1.c4 Nf6 2.Nc3 e5 3.Nf3 Nc6 4.g3 Bb4 5.Nd5 Bc5 6.Bg2 O-O 7.O-O d6 8.e3 Bb6
9.Nxb6 axb6 10.b3 Bf5 11.d3 Qc8 12.Re1 Bh3 13.Bh1 h6 14.Bb2 Bg4 15.Bc3 Ne7
16.Qc2 Ng6 17.d4 Re8 18.Nd2 Bf5 19.e4 Bh3 20.Nf1 Nh7 21.Ne3 Ng5 22.d5 Rf8
23.Nf5 Qd7 24.Bg2 Bxg2 25.Kxg2 Nh7 26.Re2 Ne7 27.f3 Nxf5 28.exf5 b5 29.a4 bxc4
30.bxc4 b6 31.g4 c6 32.dxc6 Qxc6 33.Bb4 Nf6 34.Kg3 Rfc8 35.Qb3 e4 36.f4 Qxc4
37.Qxc4 Rxc4 38.Bxd6 Rd8 39.g5 hxg5 40.fxg5 Nh5+ 41.Kg4 Rxd6 42.Kxh5 e3 43.g6 Rdd4
44.gxf7+ Kxf7 45.Rg2 Kf6 46.Rg6+ Kxf5 47.Rf1+ Rf4 48.Rg5+ Kf6 49.Rg6+ Kf7
50.Rxf4+ Rxf4 51.Rg2 Re4  0-1

[Event "Madrid"]
[Site "Madrid"]
[Date "1994.??.??"]
[Round "6"]
[White "Tiviakov, Sergei"]
[Black "Salov, Valery"]
[Result "0-1"]
[WhiteElo "2630"]
[BlackElo "2685"]

1.e4 c5 2.Nf3 d6 3.d4 cxd4 4.Nxd4 Nf6 5.Nc3 e6 6.Be3 Be7 7.f3 Nc6 8.Qd2 O-O
9.g4 Nxd4 10.Bxd4 d5 11.O-O-O dxe4 12.g5 Nh5 13.Nxe4 Bd7 14.Qg2 Qc7 15.Nf6+ Bxf6
16.gxf6 Bc6 17.Qg4 Rfd8 18.Rg1 g6 19.c3 Kh8 20.Bc4 e5 21.Be3 Bxf3 22.Qxf3 Qxc4
23.Qxb7 Qxa2 24.Rxd8+ Rxd8 25.Qxa7 Qd5 26.Qe7 Nf4 27.Bxf4 exf4 28.Re1 h5
29.h4 Qd2+ 30.Kb1 Qd3+ 31.Ka2 Ra8+ 32.Kb3 Rb8+ 33.Ka2 Qd2 34.Rb1 Qd5+ 35.b3 Ra8+  0-1

[Event "Tilburg rapid20"]
[Site "Tilburg"]
[Date "1994.??.??"]
[Round "2"]
[White "Ye Jiangchuan"]
[Black "Salov, Valery"]
[Result "0-1"]
[WhiteElo "2575"]
[BlackElo "2710"]

1.e4 e5 2.Nf3 Nf6 3.Nxe5 d6 4.Nf3 Nxe4 5.d4 Be7 6.Bd3 Ng5 7.O-O Nxf3+ 8.Qxf3 Nc6
9.c3 O-O 10.Bf4 Re8 11.Nd2 Bf8 12.Rfe1 Bd7 13.h3 Rb8 14.Rxe8 Qxe8 15.Ne4 Be7
16.Ng3 Qf8 17.d5 Ne5 18.Bxe5 dxe5 19.Qe4 g6 20.Qxe5 Bd6 21.Qg5 f5 22.Re1 Re8
23.Rxe8 Qxe8 24.Qd2 Qe5 25.Bc2 Kg7 26.Nf1 Bb5 27.Bb3 b6 28.c4 Bd7 29.Bd1 a5
30.Bf3 a4 31.g3 Bc5 32.Kg2 Qd4 33.Qxd4+ Bxd4 34.b3 Kf6 35.Ne3 Ke5 36.Nc2 g5
37.Kf1 Be8 38.Be2 f4 39.Ne1 Bc3 40.Nf3+ Kf6 41.Bd3 h6 42.g4 axb3 43.axb3 Bb4
44.Ke2 Bc5 45.Bf5 b5 46.Ne1 bxc4 47.bxc4 c6 48.Nd3 Bd4 49.Be4 cxd5 50.Bxd5 Bg6
51.Nb4 Bb6 52.f3 Ke5 53.Nc6+ Kd6 54.Nb4 Ke5 55.Bg8 Bc5 56.Nd5 Kd4 57.Nf6 Bd3+
58.Kd2 Bb4+ 59.Kd1 Be7 60.Nd5 Bd6 61.Ke1 Bxc4 62.Nf6 Bxg8 63.Nxg8 Bf8 64.Ke2 Ke5
65.Kd3 Ke6 66.Ke4 Kf7 67.Nxh6+ Bxh6 68.Kf5 Kg7 69.Ke6 Kg6 70.Ke7 Bg7 71.Ke6 Bc3
72.Ke7 Bd4 73.Ke6 Bf6 74.Kd5 Kf7 75.Ke4 Ke6 76.h4 gxh4 77.Kxf4 Bg5+  0-1

[Event "Tilburg rapid20"]
[Site "Tilburg"]
[Date "1994.??.??"]
[Round "2"]
[White "Salov, Valery"]
[Black "Ye Jiangchuan"]
[Result "1/2-1/2"]
[WhiteElo "2710"]
[BlackElo "2575"]

1.d4 Nf6 2.Nf3 g6 3.Bg5 Bg7 4.Nbd2 O-O 5.e4 d5 6.Bxf6 Bxf6 7.c3 Bg7 8.exd5 Qxd5
9.Bc4 Qf5 10.O-O c5 11.Re1 cxd4 12.Nxd4 Qc5 13.Qe2 e6 14.N2f3 a6 15.Rad1 e5
16.Nb3 Qc7 17.Nbd2 Nc6 18.Ne4 h6 19.Nd6 Kh7 20.h4 f5 21.h5 g5 22.Nxc8 Qxc8
23.Bd5 e4 24.Bxc6 bxc6 25.Nd2 g4 26.Nc4 Qe8 27.Rd6 Qxh5 28.Rxc6 Rae8 29.Ne3 f4
30.Qxg4 Qf7 31.Nc4 e3 32.Qf3 exf2+ 33.Qxf2 Rxe1+ 34.Qxe1 f3 35.Qe4+ Kh8 36.gxf3 Qh5
37.Kg2 Bf6 38.Rxf6 Qg5+ 39.Kf2 Qxf6 40.Ne5 Qb6+ 41.Kf1 Rg8 42.Nf7+ Kg7 43.Ne5 Kh8
44.Nf7+ Kg7 45.Ne5 Rf8 46.Qg4+ Kh7 47.Qd7+ Kh8 48.b4 Qf6 49.Qd5 Qf5 50.Qd4 Kg8
51.Ke2 Re8 52.f4 h5 53.Qd5+ Kh8 54.Kf3 Rf8 55.Qd4 Kh7 56.Qa7+ Kg8 57.Qd4 Qh3+
58.Kf2 Qf5 59.Kg3 h4+ 60.Kxh4 Qxf4+ 61.Qxf4 Rxf4+ 62.Kg5 Rf2 63.a4 Kf8 64.Nd7+ Ke7
65.Nc5 Rf6 66.a5 Kf7 67.c4 Rc6 68.Kf5 Ke7 69.Ke5 Kd8 70.Kd5  1/2-1/2

[Event "Tilburg rapid20"]
[Site "Tilburg"]
[Date "1994.??.??"]
[Round "6"]
[White "Ivanchuk, Vassily"]
[Black "Salov, Valery"]
[Result "1/2-1/2"]
[WhiteElo "2695"]
[BlackElo "2710"]

1.e4 c5 2.Nf3 Nc6 3.d4 cxd4 4.Nxd4 Nf6 5.Nc3 d6 6.Bg5 e6 7.Qd2 a6 8.O-O-O h6
9.Be3 Be7 10.f3 d5 11.exd5 Nxd5 12.Nxd5 Qxd5 13.Nxc6 Qxc6 14.Bd3 Qa4 15.Kb1 O-O
16.Rhe1 Rd8 17.Qf2 Bd7 18.Bb6 Rdc8 19.Re4 Qc6 20.Rc4 Qd5 21.Bh7+ Kxh7 22.Rxd5 exd5
23.Rxc8 Rxc8 24.g4 Rc6 25.Bd4 Bf6 26.h3 Bxd4 27.Qxd4 Re6 28.b3 Bc6 29.Kb2 Rf6
30.f4 Re6 31.h4 Re4 32.Qd2 f6 33.h5 Kg8 34.g5 fxg5 35.fxg5 hxg5 36.Qxg5 Re6
37.a4 Rf6 38.Kc3 Kh7 39.Kd4 Kg8 40.Kc5 Kh7 41.c3 Kh8 42.Qe3 Kh7 43.Qd2 Kh8
44.Qc2 Kg8 45.b4 Kh8 46.Qb3 b6+ 47.Kd4 Kh7 48.b5 axb5 49.axb5 Be8 50.Qxd5 Kh6
51.Qg8 Bxh5 52.Qh8+ Kg6 53.c4 Bf3 54.Ke3 Kf7 55.Qh3 Kf8 56.Qd7 Kg8 57.Qe8+ Kh7
58.Qe7 Kg6 59.Qe5 Kf7 60.Qg5 Kf8 61.Kd4 Kf7 62.Qg3 Kf8 63.Ke5 Kf7 64.Qh3 Kf8
65.Qd7 Kg8 66.c5 bxc5 67.b6 c4 68.Qc8+ Kh7 69.Qxc4 Rxb6 70.Qd3+ Rg6 71.Qxf3 Rf6  1/2-1/2